Building community in youth groups. (Record no. 12498)

000 -LEADER
fixed length control field 00737nam a2200217 a 4500
001 - CONTROL NUMBER
control field :::00010300$&:&@@
003 - CONTROL NUMBER IDENTIFIER
control field OkBaRHE
005 - DATE AND TIME OF LATEST TRANSACTION
control field 20100401165156.0
008 - FIXED-LENGTH DATA ELEMENTS--GENERAL INFORMATION
fixed length control field s1985 j 000 0 eng u
020 ## - INTERNATIONAL STANDARD BOOK NUMBER
International Standard Book Number 0931529069 (pbk.)
040 ## - CATALOGING SOURCE
Transcribing agency
100 1# - MAIN ENTRY--PERSONAL NAME
Personal name Rydberg, Denny, et al.
245 10 - TITLE STATEMENT
Title Building community in youth groups.
Statement of responsibility, etc Foreword by Lyman Coleman; illustrations by Ric Soulen.
260 ## - PUBLICATION, DISTRIBUTION, ETC. (IMPRINT)
Place of publication, distribution, etc Loveland, CO., :
Name of publisher, distributor, etc Group Books
Date of publication, distribution, etc 1985
300 ## - PHYSICAL DESCRIPTION
Extent 177 p. : illus. ;
Dimensions 26 cm.
650 ## - SUBJECT ADDED ENTRY--TOPICAL TERM
Topical term or geographic name as entry element Church Group Work with Youth
700 ## - ADDED ENTRY--PERSONAL NAME
Personal name Beebe, Ken, 1960-
700 ## - ADDED ENTRY--PERSONAL NAME
Personal name Dursch, Robin, 1956-
942 ## - ADDED ENTRY ELEMENTS (KOHA)
Source of classification or shelving scheme
Koha item type Books
Copies
Date acquired Koha item type Lost status Withdrawn status Permanent Location Copy number Price effective from Damaged status Not for loan Source of classification or shelving scheme Shelving location Full call number Date last seen Barcode
2010-04-14Books  RHEMA Bible Training College12010-04-14   General StacksBV 4447 .R93 19852010-04-1410300